000 02332nam a2200301 a 4500
001 000015164
005 20250217092805.0
008 100202s1996 dr 001 0 spa d
040 _aDO-SdBNP
_bspa
_cBNPHU
082 _a270.82
_bJ91s, 1996
100 1 _aJuanes, Benigno
_d1916-2009
_9442
245 1 0 _aServidores y equipo responsable en los grupos de oración /
_cP. Benigno Juanes, S.J. ; presentación Juan F. Pepén.
250 _a2ª ed.
260 _aSanto Domingo :
_bRenovación Carismática Católica,
_c1996.
300 _a261 p. ;
_c22 cm.
490 1 _aTorrentes
_v4
500 _aGuía para la renovación carismática católica
590 _aInventariado, 2018/ YL
504 _aIncluye bibliográfia y notas al pie de páginas.
505 0 _aPara construir una autentica reunión de oración : orientaciones generales --
_tPara construir una autentica reunión de adoración : actuación general del servidor --
_tPara construir una autentica reunión de oración : puntos fundamentales --
_tPara construir una autentica reunión de oración : la dirección del grupo a través de las diversas etapas --
_tSugerencias a los servidores respecto de sí mismo --
_tSugerencias a los servidores respecto de los grupos de oración --
_tSugerencias a los servidores respecto de los párrocos, de la parroquia y de su inserción en ella --
_tEl equipo de servidores en el grupo de oración --
_tLa misión del equipo de servidores del grupo de oración --
_tSugerencias al responsable frente a los demás servidores --
_tDificultades y problemas en los grupos de oración y la actuación del servidor --
_tLa reunión fuerte y la reunión debil en los grupos de oración : actuación del servidor --
_tComo discernir el estado del grupo de oración en orden a revitalizarlo --
_tRevitalización de los grupos de oración : evaluación de los servidores --
_tRevitalización de los grupos de oración --
_tEvaluación de los grupos de oración --
_tLos problemas entre responsables.
650 4 _aMovimiento carismático
_9666
650 4 _aRenovación carismática
_9667
650 0 _aVida cristiana
_9668
650 4 _aGrupos de oración
_xBautistas, iglesia católica, etc.
_9669
700 1 _aPepén, Juan F.
_q (Juan Felix)
_epresent.
_913174
830 1 _aTorrentes
_n4
_934333
910 _aValidado. Control de calidad EMS.
999 _c14735
_d14735